Actas de las III Jornadas de Historia de Llerena (Record no. 66763)

MARC details
000 -LEADER
campo de control de longitud fija 00817nam a2200229 i 4500
001 - NÚMERO DE CONTROL
campo de control 66763
003 - IDENTIFICADOR DE NÚMERO DE CONTROL
campo de control ES-MaACL
005 - FECHA Y HORA DE LA ÚLTIMA TRANSACCIÓN
campo de control 20230906165824.0
007 - CAMPO FIJO DE DESCRIPCIÓN FÍSICA--INFORMACIÓN GENERAL
campo de control de longitud fija t|
008 - DATOS DE LONGITUD FIJA--INFORMACIÓN GENERAL
campo de control de longitud fija 030527s20032002sp ad |||| |dspa d
020 ## - NÚMERO INTERNACIONAL ESTÁNDAR DEL LIBRO
Número Internacional Estándar del Libro 84-607-6295-5
080 ## - NÚMERO DE LA CLASIFICACIÓN DECIMAL UNIVERSAL
Número de la Clasificación Decimal Universal 94(460.253 Llerena)(063)
111 2# - ENTRADA PRINCIPAL--NOMBRE DE CONGRESO/REUNIÓN
Nombre de congreso/reunión o jurisdicción como elemento de entrada Jornadas de Historia en Llerena (
Número del congreso/reunión o número de parte o sección 3ª.
Fecha del congreso o de la firma del tratado 2002)
9 (RLIN) 767
245 10 - MENCIÓN DEL TÍTULO
Título Actas de las III Jornadas de Historia de Llerena
Resto del título : [Llerena, 18 y 19 de octubre de 2002].
246 3# - FORMA VARIANTE DEL TITULO
Título propio/Titulo breve Jornadas de Historia en Llerena
260 ## - PUBLICACIÓN, DISTRIBUCIÓN, ETC.
Lugar de publicación, distribución, etc. Llerena (Badajoz) :
Nombre del editor, distribuidor, etc. Sociedad Extremeña de Historia,
Fecha de publicación, distribución, etc. [2003]
300 ## - DESCRIPCIÓN FÍSICA
Extensión 358 p. :
Otras características físicas il., gráf. ;
Dimensiones 24 cm.
504 ## - NOTA DE BIBLIOGRAFÍA, ETC.
Nota de bibliografía, etc. Referencias bibliográficas.
651 #4 - PUNTO DE ACCESO ADICIONAL DE MATERIA--NOMBRE GEOGRÁFICO
Nombre geográfico Llerena-
Subdivisión general Historia-
Subdivisión de forma Congresos y asambleas.
9 (RLIN) 8926
710 2# - ENTRADA AGREGADA--NOMBRE DE ENTIDAD CORPORATIVA
Nombre de entidad corporativa o nombre de jurisdicción como elemento de entrada Sociedad Extremeña de Historia.
9 (RLIN) 6768
852 ## - LOCALIZACIÓN
Ubicación ES-MaACL
Número de control de estantería L-27243
Holdings
Estatus retirado Estado de pérdida Estado de daño No para préstamo Biblioteca de origen Biblioteca actual Ubicación en estantería Fecha de adquisición Fuente de adquisición Total de préstamos Signatura topográfica completa Código de barras Visto por última vez Precio de reemplazo Tipo de ítem Koha
        Biblioteca del Ateneo de Madrid Biblioteca del Ateneo de Madrid Depósito 2 17/01/2008     L-27243 1069929 23/02/2023 23/02/2023 Libro impreso